Manipur ram a Chanchin tha luh dan / (Record no. 7229)

MARC details
000 -LEADER
fixed length control field 00485nam a22001697a 4500
003 - CONTROL NUMBER IDENTIFIER
control field GBCCL
005 - DATE AND TIME OF LATEST TRANSACTION
control field 20241126110623.0
008 - FIXED-LENGTH DATA ELEMENTS--GENERAL INFORMATION
fixed length control field 180719b ||||| |||| 00| 0 eng d
040 ## - CATALOGING SOURCE
Transcribing agency gbc
082 ## - DEWEY DECIMAL CLASSIFICATION NUMBER
Classification number VER 275.417
Item number LAL
100 ## - MAIN ENTRY--PERSONAL NAME
Personal name Lalchhawnzou
9 (RLIN) 12801
245 ## - TITLE STATEMENT
Title Manipur ram a Chanchin tha luh dan /
Statement of responsibility, etc. Lalchhawnzou
260 ## - PUBLICATION, DISTRIBUTION, ETC.
Place of publication, distribution, etc. Churachandpur:
Name of publisher, distributor, etc. Tuithaphai Presbyterian,
Date of publication, distribution, etc. 1982
300 ## - PHYSICAL DESCRIPTION
Extent 110 p.;
Dimensions 18 cm.
650 ## - SUBJECT ADDED ENTRY--TOPICAL TERM
Topical term or geographic name entry element Christianity
Geographic subdivision Manipur
General subdivision History
9 (RLIN) 12802
942 ## - ADDED ENTRY ELEMENTS (KOHA)
Source of classification or shelving scheme Dewey Decimal Classification
Koha item type Books
Koha issues (borrowed), all copies 1
Holdings
Withdrawn status Lost status Source of classification or shelving scheme Damaged status Not for loan Home library Current Library Shelving location Date acquired Total checkouts Full call number Barcode Date last seen Date last checked out Copy number Price effective from Koha item type
    Dewey Decimal Classification     GRACE BIBLE COLLEGE GRACE BIBLE COLLEGE Archives 2018-07-19 1 VER 275.417 LAL 002124 2025-05-01 2019-08-06 c.2 2018-07-19 Archives
    Dewey Decimal Classification     GRACE BIBLE COLLEGE GRACE BIBLE COLLEGE Vernacular 2022-04-26   VER 275.417 LAL 002122 2025-05-01   c.1 2022-04-26 Books
© Grace Bible College Library 2025